Para una relectura de los procesos de conflicto y movilización social en la Argentina de inicios del milenio (2001-2003) /
El objetivo de este trabajo es realizar un análisis crítico de los eventos y procesos sucedidos, así como de sus interpretaciones, durante la crisis argentina entre 2001 y 2003, en la cual participó un gran número de organizaciones y movimientos sociales y políticos. Los ejes relevantes son la vincu...
Guardat en:
| Autor principal: | |
|---|---|
| Format: | Text |
| Matèries: | |
| Etiquetes: |
Afegir etiqueta
Sense etiquetes, Sigues el primer a etiquetar aquest registre!
|
MARC
| LEADER | 00000 a a2200000 04500 | ||
|---|---|---|---|
| 001 | 43606 | ||
| 003 | |||
| 040 | |||
| 100 | |a Galafassi, Guido | ||
| 245 | |a Para una relectura de los procesos de conflicto y movilización social en la Argentina de inicios del milenio (2001-2003) / |c Guido Galafassi | ||
| 520 | |a El objetivo de este trabajo es realizar un análisis crítico de los eventos y procesos sucedidos, así como de sus interpretaciones, durante la crisis argentina entre 2001 y 2003, en la cual participó un gran número de organizaciones y movimientos sociales y políticos. Los ejes relevantes son la vinculación entre conflicto-movimiento-cambio y la discusión en relación con los componentes de llamado "viejo paradigma" y el "nuevo paradigma" en el estudio de los movimientos sociales. | ||
| 590 | |a SJB/AGOSTO2012 | ||
| 650 | |a ACCION COLECTIVA | ||
| 650 | |a MOVIMIENTOS SOCIALES | ||
| 650 | |a LUCHA DE CLASES | ||
| 650 | |a CONFLICTOS SOCIALES | ||
| 650 | |a CRISIS POLITICA | ||
| 650 | |a TEORIA SOCIAL | ||
| 650 | |a ARGENTINA | ||
| 650 | |a AMERICA LATINA | ||
| 773 | |g volumen74, número1 (2012), páginas 69-98 | ||
| 999 | |c 24221 |d 24221 | ||
